| 000 | 01265cam a2200349 a 4500 | ||
|---|---|---|---|
| 001 | 17173645 | ||
| 003 | Nust- CAS-E | ||
| 005 | 20180118181355.0 | ||
| 008 | 120218s2012 flua 001 0 eng | ||
| 010 | _a 2012001487 | ||
| 015 |
_aGBB204174 _2bnb |
||
| 016 | 7 |
_a016009911 _2Uk |
|
| 020 | _a9781439899045 | ||
| 020 | _a1439899045 | ||
| 035 | _a(OCoLC)ocn773430096 | ||
| 040 |
_aDLC _beng _cDLC _dYDX _dBTCTA _dUKMGB _dYDXCP _dBWX _dDLC |
||
| 050 | 0 | 0 |
_aTK1001 _b.J44 2012 |
| 082 | 0 | 0 |
_a621.310286 _223 _bJEF 2012 |
| 100 | 1 | _aJeffs, Eric J. | |
| 245 | 1 | 0 |
_aGreener energy systems : _benergy production technologies with minimum environmental impact / _cEric Jeffs. |
| 260 |
_aBoca Raton, FL : _bCRC Press, _cc2012. |
||
| 300 |
_ax, 230 p. : _bill. (chiefly col.) ; _c25 cm. |
||
| 500 | _aIncludes index. | ||
| 504 | _aIncludes bibliographical references and index. | ||
| 650 | 0 |
_aElectric power systems _xEnvironmental aspects. |
|
| 650 | 0 |
_aElectric power production _xEnvironmental aspects. |
|
| 650 | 0 | _aRenewable energy sources. | |
| 650 | 0 | _aSustainable engineering. | |
| 906 |
_a7 _bcbc _corignew _d1 _eecip _f20 _gy-gencatlg |
||
| 942 |
_2ddc _cBK |
||
| 999 |
_c355268 _d355268 |
||